[Event "imp"]
[Site "?"]
[Date "2015.03.26"]
[Round "3.10"]
[White "Przybylski, Wojciech"]
[Black "Sieciechowicz, Marcin"]
[Result "0-1"]
[LiveChessVersion "1.4.4"]
[BlackElo "2447"]
[WhiteElo "2378"]

1. e4 {[%clk 1:30:58]} c5 {[%clk 1:30:54]} 2. b3 {[%clk 1:30:11]} e5
{[%clk 1:31:06]} 3. Bb2 {[%clk 1:30:23]} Nc6 {[%clk 1:30:48]} 4. Bb5
{[%clk 1:29:19]} Nd4 {[%clk 1:30:40]} 5. Bc4 {[%clk 1:27:51]} Nf6
{[%clk 1:22:32]} 6. c3 {[%clk 1:24:37]} Ne6 {[%clk 1:19:03]} 7. d3
{[%clk 1:13:50]} d5 {[%clk 1:15:53]} 8. exd5 {[%clk 1:09:02]} Nxd5
{[%clk 1:15:14]} 9. Nf3 {[%clk 1:03:37]} f6 {[%clk 1:12:57]} 10. O-O
{[%clk 0:54:55]} Nb6 {[%clk 1:07:00]} 11. Nbd2 {[%clk 0:32:28]} Nxc4
{[%clk 1:00:07]} 12. Nxc4 {[%clk 0:31:12]} Be7 {[%clk 0:58:18]} 13. d4
{[%clk 0:23:36]} cxd4 {[%clk 0:53:02]} 14. cxd4 {[%clk 0:23:37]} exd4
{[%clk 0:49:58]} 15. Re1 {[%clk 0:19:46]} O-O {[%clk 0:38:46]} 16. Nxd4
{[%clk 0:19:44]} Nxd4 {[%clk 0:38:44]} 17. Qxd4 {[%clk 0:18:15]} Qxd4
{[%clk 0:38:30]} 18. Bxd4 {[%clk 0:18:43]} Kf7 {[%clk 0:36:51]} 19. Re3
{[%clk 0:15:07]} Rd8 {[%clk 0:34:31]} 20. Rae1 {[%clk 0:14:08]} Bf8
{[%clk 0:34:47]} 21. Bc3 {[%clk 0:10:57]} b5 {[%clk 0:30:01]} 22. Ba5
{[%clk 0:11:01]} Rd5 {[%clk 0:29:47]} 23. Nb2 {[%clk 0:06:33]} b4
{[%clk 0:28:01]} 24. Bc7 {[%clk 0:05:49]} Ba6 {[%clk 0:26:16]} 25. Re6
{[%clk 0:02:59]} Bb5 {[%clk 0:26:19]} 26. Nc4 {[%clk 0:00:32]} Re8
{[%clk 0:21:01]} 27. Rxe8 {[%clk 0:00:46]} Bxe8 {[%clk 0:21:28]} 28. Bf4
{[%clk 0:00:43]} Bb5 {[%clk 0:21:30]} 29. Be3 {[%clk 0:00:38]} Bxc4
{[%clk 0:21:10]} 30. bxc4 {[%clk 0:01:06]} Ra5 {[%clk 0:21:35]} 31. Rc1
{[%clk 0:00:31]} Rxa2 {[%clk 0:20:26]} 32. c5 {[%clk 0:00:47]} b3
{[%clk 0:19:13]} 33. Rb1 {[%clk 0:00:42]} b2 {[%clk 0:18:17]} 34. Bd4
{[%clk 0:00:36]} Ra1 {[%clk 0:16:08]} 35. Rxa1 {[%clk 0:00:41]} bxa1=Q+
{[%clk 0:16:35]} 36. Bxa1 {[%clk 0:01:05]} Bxc5 {[%clk 0:16:59]} 37. Kf1
{[%clk 0:00:41]} Ke6 {[%clk 0:17:21]} 38. Ke2 {[%clk 0:00:56]} Kd5
{[%clk 0:17:44]} 39. Bc3 {[%clk 0:00:39]} Kc4 {[%clk 0:17:28]} 40. Ba5
{[%clk 0:30:38]} Bb6 {[%clk 0:47:47]} 41. Bd2 {[%clk 0:27:56]} a5
{[%clk 0:47:51]} 42. Kd1 {[%clk 0:27:56]} Kd3 {[%clk 0:47:15]} 43. f3
{[%clk 0:25:50]} a4 {[%clk 0:47:38]} 44. Bb4 {[%clk 0:25:57]} Bd4
{[%clk 0:47:10]} 45. Ba3 {[%clk 0:25:03]} Kc3 {[%clk 0:46:03]} 46. Bf8
{[%clk 0:24:51]} Kb3 {[%clk 0:45:54]} 47. Ke2 {[%clk 0:23:19]} a3
{[%clk 0:45:35]} 48. Bxa3 {[%clk 0:21:47]} Kxa3 {[%clk 0:46:02]} 49. Kd3
{[%clk 0:22:11]} Bg1 {[%clk 0:46:27]} 50. h4 {[%clk 0:21:16]} Kb4
{[%clk 0:46:49]} 0-1

[Event "imp"]
[Site "?"]
[Date "2015.03.26"]
[Round "3.11"]
[White "Kolosowski, Mateusz"]
[Black "Weichhold, Pawel"]
[Result "0-1"]
[LiveChessVersion "1.4.4"]
[BlackElo "2404"]
[WhiteElo "2443"]

1. d4 {[%clk 1:30:57]} Nf6 {[%clk 1:30:55]} 2. c4 {[%clk 1:31:18]} g6
{[%clk 1:31:21]} 3. Nc3 {[%clk 1:31:43]} Bg7 {[%clk 1:31:48]} 4. e4
{[%clk 1:32:06]} d6 {[%clk 1:32:13]} 5. f3 {[%clk 1:32:28]} O-O {[%clk 1:31:27]}
6. Be3 {[%clk 1:32:50]} c6 {[%clk 1:29:44]} 7. Nge2 {[%clk 1:32:55]} a6
{[%clk 1:28:59]} 8. c5 {[%clk 1:33:11]} b5 {[%clk 1:19:55]} 9. cxd6
{[%clk 1:33:06]} exd6 {[%clk 1:20:14]} 10. Nf4 {[%clk 1:33:29]} Re8
{[%clk 1:18:01]} 11. Qd2 {[%clk 1:11:54]} Nbd7 {[%clk 1:14:32]} 12. Be2
{[%clk 1:11:48]} Nb6 {[%clk 1:10:31]} 13. O-O {[%clk 1:07:33]} Nc4
{[%clk 0:49:54]} 14. Bxc4 {[%clk 1:07:30]} bxc4 {[%clk 0:50:22]} 15. d5
{[%clk 0:50:47]} c5 {[%clk 0:45:44]} 16. Rac1 {[%clk 0:49:01]} Rb8
{[%clk 0:42:17]} 17. Rc2 {[%clk 0:36:29]} Nd7 {[%clk 0:40:16]} 18. Nfe2
{[%clk 0:36:53]} Ne5 {[%clk 0:37:35]} 19. Bg5 {[%clk 0:33:46]} Qc7
{[%clk 0:31:35]} 20. f4 {[%clk 0:27:58]} Nd3 {[%clk 0:27:45]} 21. f5
{[%clk 0:25:49]} f6 {[%clk 0:23:56]} 22. Be3 {[%clk 0:20:35]} gxf5
{[%clk 0:20:24]} 23. exf5 {[%clk 0:19:30]} Qe7 {[%clk 0:19:15]} 24. Bf4
{[%clk 0:14:12]} Nxf4 {[%clk 0:18:33]} 25. Qxf4 {[%clk 0:13:31]} Qe3+
{[%clk 0:17:33]} 26. Qxe3 {[%clk 0:13:25]} Rxe3 {[%clk 0:18:01]} 27. g4
{[%clk 0:10:11]} Bb7 {[%clk 0:11:01]} 28. Nf4 {[%clk 0:09:41]} Bh6
{[%clk 0:10:51]} 29. h4 {[%clk 0:03:21]} Re5 {[%clk 0:05:32]} 30. g5
{[%clk 0:03:49]} fxg5 {[%clk 0:05:06]} 31. Rg2 {[%clk 0:03:43]} g4
{[%clk 0:03:09]} 32. Rxg4+ {[%clk 0:02:41]} Kf7 {[%clk 0:03:17]} 33. Ne6
{[%clk 0:02:22]} Bxd5 {[%clk 0:02:52]} 34. Ng5+ {[%clk 0:01:17]} Bxg5
{[%clk 0:03:20]} 35. hxg5 {[%clk 0:01:27]} Rxb2 {[%clk 0:03:05]} 36. g6+
{[%clk 0:01:06]} hxg6 {[%clk 0:03:19]} 37. fxg6+ {[%clk 0:01:03]} Kg7
{[%clk 0:03:31]} 38. Nxd5 {[%clk 0:00:40]} Rxd5 {[%clk 0:04:00]} 39. Rf7+
{[%clk 0:00:56]} Kg8 {[%clk 0:04:21]} 40. Rf1 {[%clk 0:31:16]} Rd4
{[%clk 0:33:18]} 41. Rg5 {[%clk 0:31:20]} Rbd2 {[%clk 0:30:32]} 42. Rg3
{[%clk 0:29:24]} R4d3 {[%clk 0:27:26]} 43. Rg4 {[%clk 0:29:17]} c3
{[%clk 0:25:47]} 44. Rc4 {[%clk 0:28:29]} c2 {[%clk 0:24:34]} 0-1

[Event "imp"]
[Site "?"]
[Date "2015.03.27"]
[Round "4.1"]
[White "Piorun, Kacper"]
[Black "Gajewski, Grzegorz"]
[Result "1/2-1/2"]
[LiveChessVersion "1.4.4"]
[BlackElo "2648"]
[WhiteElo "2528"]

1. e4 {[%clk 1:30:56]} c5 {[%clk 1:30:46]} 2. c3 {[%clk 1:31:17]} d5
{[%clk 1:31:08]} 3. exd5 {[%clk 1:31:40]} Qxd5 {[%clk 1:31:34]} 4. d4
{[%clk 1:32:04]} Nf6 {[%clk 1:31:59]} 5. Nf3 {[%clk 1:32:29]} e6 {[%clk 1:31:27]}
6. Bd3 {[%clk 1:32:50]} Nc6 {[%clk 1:31:42]} 7. O-O {[%clk 1:32:58]} Be7
{[%clk 1:31:44]} 8. dxc5 {[%clk 1:30:14]} O-O {[%clk 1:30:07]} 9. Qe2
{[%clk 1:27:17]} Qxc5 {[%clk 1:20:05]} 10. Nbd2 {[%clk 1:22:41]} Bd7
{[%clk 1:13:37]} 11. Nc4 {[%clk 1:18:50]} Rad8 {[%clk 1:11:30]} 12. Bf4
{[%clk 1:02:38]} b5 {[%clk 1:07:44]} 13. Nce5 {[%clk 1:02:08]} Nxe5
{[%clk 1:06:40]} 14. Bxe5 {[%clk 0:58:38]} Bc6 {[%clk 0:51:52]} 15. Nd4
{[%clk 0:41:49]} Ba8 {[%clk 0:49:38]} 16. Bxb5 {[%clk 0:36:51]} Ne4
{[%clk 0:49:46]} 17. Nf3 {[%clk 0:36:42]} Rd5 {[%clk 0:27:47]} 18. Qxe4
{[%clk 0:34:32]} Qxb5 {[%clk 0:28:06]} 19. c4 {[%clk 0:34:36]} Rxe5
{[%clk 0:28:31]} 20. Qxe5 {[%clk 0:34:55]} Qxc4 {[%clk 0:28:54]} 21. Rfc1
{[%clk 0:32:49]} Qg4 {[%clk 0:27:48]} 22. h3 {[%clk 0:26:18]} Qg6
{[%clk 0:27:29]} 23. Qe2 {[%clk 0:26:13]} Bf6 {[%clk 0:27:33]} 24. Rc7
{[%clk 0:23:36]} Bxb2 {[%clk 0:26:19]} 25. Rd1 {[%clk 0:23:58]} Bf6
{[%clk 0:26:17]} 26. Rdc1 {[%clk 0:20:16]} Bd5 {[%clk 0:25:53]} 27. Rxa7
{[%clk 0:18:20]} h6 {[%clk 0:26:06]} 28. Rac7 {[%clk 0:18:10]} Kh7
{[%clk 0:26:04]} 29. Rc8 {[%clk 0:05:23]} Rxc8 {[%clk 0:26:12]} 30. Rxc8
{[%clk 0:05:47]} Qb1+ {[%clk 0:26:29]} 31. Kh2 {[%clk 0:05:52]} Qxa2
{[%clk 0:25:44]} 32. Qxa2 {[%clk 0:04:21]} Bxa2 {[%clk 0:26:02]} 33. Rc7
{[%clk 0:04:10]} Kg8 {[%clk 0:26:13]} 34. Rc8+ {[%clk 0:04:35]} Kh7
{[%clk 0:26:37]} 35. Rc7 {[%clk 0:05:02]} Kg8 {[%clk 0:27:00]} 36. Rc8+
{[%clk 0:05:25]} Kh7 1/2-1/2

[Event "imp"]
[Site "?"]
[Date "2015.03.27"]
[Round "4.2"]
[White "Bartel, Mateusz"]
[Black "Tomczak, Jacek"]
[Result "0-1"]
[LiveChessVersion "1.4.4"]
[BlackElo "2554"]
[WhiteElo "2627"]

1. e4 {[%clk 1:30:55]} e6 {[%clk 1:30:55]} 2. d4 {[%clk 1:31:21]} d5
{[%clk 1:31:20]} 3. Nc3 {[%clk 1:31:46]} Nf6 {[%clk 1:31:44]} 4. Bg5
{[%clk 1:32:13]} dxe4 {[%clk 1:31:59]} 5. Nxe4 {[%clk 1:32:37]} Be7
{[%clk 1:32:24]} 6. Bxf6 {[%clk 1:33:02]} gxf6 {[%clk 1:32:47]} 7. Bc4
{[%clk 1:33:27]} f5 {[%clk 1:27:21]} 8. Ng3 {[%clk 1:33:02]} Qd6 {[%clk 1:27:46]}
9. c3 {[%clk 1:25:38]} a6 {[%clk 1:15:27]} 10. a4 {[%clk 1:25:32]} c5
{[%clk 1:14:36]} 11. d5 {[%clk 1:25:11]} e5 {[%clk 1:14:28]} 12. Qe2
{[%clk 1:16:34]} h5 {[%clk 0:57:18]} 13. h4 {[%clk 1:14:51]} e4 {[%clk 0:56:40]}
14. Nxh5 {[%clk 1:04:52]} Kd8 {[%clk 0:43:03]} 15. g3 {[%clk 1:02:20]} Nd7
{[%clk 0:42:56]} 16. Nf4 {[%clk 1:02:45]} Ne5 {[%clk 0:42:42]} 17. O-O-O
{[%clk 1:00:13]} Bd7 {[%clk 0:40:50]} 18. a5 {[%clk 0:56:38]} Kc7
{[%clk 0:39:03]} 19. Bb3 {[%clk 0:52:30]} Rhb8 {[%clk 0:34:54]} 20. f3
{[%clk 0:47:23]} b6 {[%clk 0:32:45]} 21. fxe4 {[%clk 0:47:10]} fxe4
{[%clk 0:21:14]} 22. Qxe4 {[%clk 0:47:02]} bxa5 {[%clk 0:21:30]} 23. Ba2
{[%clk 0:47:21]} a4 {[%clk 0:15:42]} 24. Rh2 {[%clk 0:36:46]} a3 {[%clk 0:15:08]}
25. b3 {[%clk 0:36:35]} a5 {[%clk 0:13:37]} 26. Rc2 {[%clk 0:35:26]} Bf6
{[%clk 0:10:41]} 27. Nge2 {[%clk 0:34:46]} Re8 {[%clk 0:09:51]} 28. b4
{[%clk 0:33:16]} c4 {[%clk 0:07:50]} 29. Bxc4 {[%clk 0:32:47]} Ng4
{[%clk 0:07:19]} 30. Ne6+ {[%clk 0:28:54]} Bxe6 {[%clk 0:07:09]} 31. Nf4
{[%clk 0:29:21]} Bd7 {[%clk 0:03:18]} 32. Ne6+ {[%clk 0:29:46]} fxe6
{[%clk 0:03:28]} 33. dxe6 {[%clk 0:30:10]} Bc6 {[%clk 0:03:38]} 34. Qxg4
{[%clk 0:30:09]} Qe5 {[%clk 0:03:47]} 35. b5 {[%clk 0:30:10]} Qe3+
{[%clk 0:02:52]} 36. Kb1 {[%clk 0:29:47]} Be4 {[%clk 0:02:48]} 37. Rd7+
{[%clk 0:29:35]} Kb6 {[%clk 0:02:58]} 38. Ka2 {[%clk 0:28:38]} Bxc2
{[%clk 0:02:23]} 39. Rd6+ {[%clk 0:27:45]} Kc7 {[%clk 0:02:21]} 40. Rd7+
{[%clk 0:58:10]} Kb6 {[%clk 0:32:17]} 41. Rd6+ {[%clk 0:58:35]} Kc7
{[%clk 0:31:49]} 42. Rd7+ {[%clk 0:59:04]} Kb8 {[%clk 0:31:50]} 43. Qh5
{[%clk 0:59:28]} Rd8 {[%clk 0:29:54]} 44. Qd5 {[%clk 0:54:57]} Rxd7
{[%clk 0:29:21]} 45. Qxd7 {[%clk 0:55:13]} Qc5 {[%clk 0:28:49]} 46. Bd5
{[%clk 0:55:11]} Ra7 {[%clk 0:28:59]} 0-1

[Event "imp"]
[Site "?"]
[Date "2015.03.27"]
[Round "4.3"]
[White "Brodowski, Piotr"]
[Black "Socko, Bartosz"]
[Result "0-1"]
[LiveChessVersion "1.4.4"]
[BlackElo "2623"]
[WhiteElo "2435"]

1. c4 {[%clk 1:30:56]} e5 {[%clk 1:30:54]} 2. g3 {[%clk 1:31:18]} Nf6
{[%clk 1:31:18]} 3. Bg2 {[%clk 1:31:37]} d5 {[%clk 1:31:42]} 4. cxd5
{[%clk 1:32:01]} Nxd5 {[%clk 1:32:07]} 5. Nc3 {[%clk 1:32:22]} Nb6
{[%clk 1:32:32]} 6. e3 {[%clk 1:32:39]} Be7 {[%clk 1:27:13]} 7. Nge2
{[%clk 1:32:58]} O-O {[%clk 1:27:10]} 8. O-O {[%clk 1:33:23]} c6 {[%clk 1:25:56]}
9. f4 {[%clk 1:33:35]} N8d7 {[%clk 1:25:12]} 10. fxe5 {[%clk 1:32:33]} Nxe5
{[%clk 1:25:30]} 11. d4 {[%clk 1:32:55]} Ng6 {[%clk 1:25:16]} 12. Qc2
{[%clk 1:23:55]} Be6 {[%clk 1:23:32]} 13. e4 {[%clk 1:17:12]} Qd7
{[%clk 1:23:08]} 14. b3 {[%clk 1:17:22]} Rad8 {[%clk 1:14:38]} 15. a4
{[%clk 1:14:11]} Nc8 {[%clk 1:08:23]} 16. Be3 {[%clk 1:12:45]} Bh3
{[%clk 1:08:21]} 17. Bxh3 {[%clk 1:04:17]} Qxh3 {[%clk 1:08:43]} 18. Rf5
{[%clk 1:01:50]} Nd6 {[%clk 1:04:15]} 19. Nd1 {[%clk 0:55:03]} Nxf5
{[%clk 0:57:49]} 20. exf5 {[%clk 0:55:25]} Nh4 {[%clk 0:47:29]} 21. gxh4
{[%clk 0:55:32]} Bd6 {[%clk 0:47:25]} 22. Nec3 {[%clk 0:48:52]} Rfe8
{[%clk 0:46:53]} 23. Qf2 {[%clk 0:44:56]} c5 {[%clk 0:32:29]} 24. Nb5
{[%clk 0:25:21]} cxd4 {[%clk 0:31:17]} 25. Bd2 {[%clk 0:25:35]} Qg4+
{[%clk 0:30:22]} 26. Kf1 {[%clk 0:25:49]} Qh3+ {[%clk 0:28:02]} 27. Kg1
{[%clk 0:26:09]} Bb8 {[%clk 0:26:07]} 28. Rc1 {[%clk 0:23:43]} a6
{[%clk 0:25:15]} 29. Na3 {[%clk 0:24:03]} Qg4+ {[%clk 0:25:17]} 30. Kf1
{[%clk 0:23:39]} Re5 {[%clk 0:23:28]} 0-1

[Event "imp"]
[Site "?"]
[Date "2015.03.27"]
[Round "4.4"]
[White "Maksimenko, Andrei"]
[Black "Klekowski, Maciej"]
[Result "0-1"]
[LiveChessVersion "1.4.4"]
[BlackElo "2434"]
[WhiteElo "2495"]

1. d4 {[%clk 1:30:58]} Nf6 {[%clk 1:30:48]} 2. c4 {[%clk 1:31:24]} e6
{[%clk 1:31:11]} 3. Nc3 {[%clk 1:31:48]} Bb4 {[%clk 1:31:06]} 4. Qc2
{[%clk 1:32:12]} O-O {[%clk 1:31:24]} 5. Nf3 {[%clk 1:32:36]} c5 {[%clk 1:28:06]}
6. dxc5 {[%clk 1:32:59]} Na6 {[%clk 1:26:31]} 7. g3 {[%clk 1:32:53]} Nxc5
{[%clk 1:24:05]} 8. Bg2 {[%clk 1:33:19]} b6 {[%clk 1:07:00]} 9. O-O
{[%clk 1:33:42]} Bb7 {[%clk 0:59:19]} 10. Nb5 {[%clk 1:33:39]} Be4
{[%clk 0:58:08]} 11. Qd1 {[%clk 1:33:58]} Nb7 {[%clk 0:57:54]} 12. a3
{[%clk 1:19:30]} Be7 {[%clk 0:51:13]} 13. Bf4 {[%clk 1:18:59]} Rc8
{[%clk 0:51:09]} 14. Rc1 {[%clk 1:10:45]} a6 {[%clk 0:50:36]} 15. Nc3
{[%clk 1:11:03]} Bc6 {[%clk 0:34:52]} 16. b4 {[%clk 0:46:16]} Nh5
{[%clk 0:33:46]} 17. Be3 {[%clk 0:40:29]} Nd6 {[%clk 0:29:39]} 18. Qd3
{[%clk 0:21:19]} b5 {[%clk 0:21:07]} 19. cxb5 {[%clk 0:21:41]} Nxb5
{[%clk 0:21:31]} 20. Na4 {[%clk 0:21:14]} Nf6 {[%clk 0:20:53]} 21. Bb6
{[%clk 0:20:20]} Qe8 {[%clk 0:21:10]} 22. Ba5 {[%clk 0:14:05]} Be4
{[%clk 0:19:26]} 23. Qe3 {[%clk 0:14:02]} Rxc1 {[%clk 0:19:06]} 24. Rxc1
{[%clk 0:14:29]} Qa8 {[%clk 0:19:23]} 25. Nc5 {[%clk 0:12:55]} Bc6
{[%clk 0:17:11]} 26. a4 {[%clk 0:12:38]} Nd6 {[%clk 0:17:36]} 27. Qd3
{[%clk 0:12:27]} Nb7 {[%clk 0:16:46]} 28. Nxb7 {[%clk 0:08:25]} Qxb7
{[%clk 0:17:07]} 29. Ne1 {[%clk 0:08:27]} Nd5 {[%clk 0:13:51]} 30. Bxd5
{[%clk 0:08:16]} Bxd5 {[%clk 0:14:17]} 31. b5 {[%clk 0:07:10]} axb5
{[%clk 0:14:12]} 32. axb5 {[%clk 0:07:38]} Rc8 {[%clk 0:13:42]} 33. Rxc8+
{[%clk 0:06:15]} Qxc8 {[%clk 0:14:09]} 34. Nc2 {[%clk 0:04:41]} Bc4
{[%clk 0:13:21]} 35. Qd2 {[%clk 0:03:08]} Bxb5 {[%clk 0:13:44]} 36. Bb4
{[%clk 0:03:33]} Bf6 {[%clk 0:13:44]} 37. Ne3 {[%clk 0:03:17]} h5
{[%clk 0:13:15]} 38. f3 {[%clk 0:02:15]} d5 {[%clk 0:13:13]} 39. Kf2
{[%clk 0:02:23]} Qa6 {[%clk 0:12:44]} 40. Bc5 {[%clk 0:31:19]} Qa1
{[%clk 0:41:51]} 41. Qb4 {[%clk 0:30:42]} Ba6 {[%clk 0:32:36]} 42. Qa3
{[%clk 0:28:45]} Qxa3 {[%clk 0:33:00]} 43. Bxa3 {[%clk 0:29:13]} Bd4
{[%clk 0:33:24]} 44. f4 {[%clk 0:24:16]} f6 {[%clk 0:31:15]} 45. Bc1
{[%clk 0:24:00]} Bc4 {[%clk 0:28:46]} 46. Kf1 {[%clk 0:20:22]} Bb3
{[%clk 0:28:55]} 47. Ng2 {[%clk 0:20:04]} Bc2 {[%clk 0:28:10]} 48. Be3
{[%clk 0:20:08]} Bxe3 {[%clk 0:28:03]} 49. Nxe3 {[%clk 0:20:31]} Bb3
{[%clk 0:27:58]} 50. Kf2 {[%clk 0:19:56]} Kf7 {[%clk 0:28:09]} 51. Nf1
{[%clk 0:15:00]} e5 {[%clk 0:28:15]} 52. Nd2 {[%clk 0:14:03]} Bc2
{[%clk 0:28:39]} 53. fxe5 {[%clk 0:12:55]} fxe5 {[%clk 0:29:03]} 54. Nf3
{[%clk 0:11:25]} Kf6 {[%clk 0:29:22]} 55. h4 {[%clk 0:10:10]} Kf5
{[%clk 0:27:42]} 56. Nd2 {[%clk 0:09:44]} d4 {[%clk 0:23:39]} 57. e3
{[%clk 0:09:51]} Be4 {[%clk 0:22:35]} 58. Nb3 {[%clk 0:08:10]} Bd5
{[%clk 0:21:55]} 59. Nd2 {[%clk 0:08:36]} Bc6 {[%clk 0:21:01]} 60. exd4
{[%clk 0:06:46]} exd4 {[%clk 0:21:27]} 61. Ke2 {[%clk 0:06:32]} Ke5
{[%clk 0:21:17]} 62. Kf2 {[%clk 0:05:00]} Bd7 {[%clk 0:20:37]} 63. Ke2
{[%clk 0:04:03]} Bg4+ {[%clk 0:20:50]} 64. Kf2 {[%clk 0:04:03]} Kd5
{[%clk 0:19:59]} 65. Ke1 {[%clk 0:04:28]} g6 {[%clk 0:16:27]} 66. Kf2
{[%clk 0:04:39]} Kc5 {[%clk 0:16:54]} 67. Ke1 {[%clk 0:04:56]} Kb4
{[%clk 0:17:07]} 68. Ne4 {[%clk 0:03:57]} Bf5 {[%clk 0:17:32]} 0-1

[Event "imp"]
[Site "?"]
[Date "2015.03.27"]
[Round "4.5"]
[White "Sieciechowicz, Marcin"]
[Black "Duda, Jan-krzysztof"]
[Result "0-1"]
[LiveChessVersion "1.4.4"]
[BlackElo "2597"]
[WhiteElo "2447"]

1. d4 {[%clk 1:30:58]} Nf6 {[%clk 1:30:51]} 2. c4 {[%clk 1:31:17]} e6
{[%clk 1:31:14]} 3. Nf3 {[%clk 1:31:43]} Bb4+ {[%clk 1:30:31]} 4. Bd2
{[%clk 1:30:51]} a5 {[%clk 1:30:36]} 5. Nc3 {[%clk 1:30:50]} d5 {[%clk 1:29:22]}
6. e3 {[%clk 1:30:02]} O-O {[%clk 1:28:45]} 7. Bd3 {[%clk 1:29:41]} b6
{[%clk 1:28:29]} 8. cxd5 {[%clk 1:28:25]} exd5 {[%clk 1:28:27]} 9. Ne5
{[%clk 1:28:36]} Bb7 {[%clk 1:26:29]} 10. O-O {[%clk 1:20:20]} Nbd7
{[%clk 1:23:27]} 11. Qc2 {[%clk 1:14:55]} Re8 {[%clk 1:18:27]} 12. f4
{[%clk 1:06:01]} Bxc3 {[%clk 0:53:09]} 13. Bxc3 {[%clk 1:04:10]} Ne4
{[%clk 0:50:02]} 14. Bb5 {[%clk 0:53:00]} Nxe5 {[%clk 0:49:02]} 15. dxe5
{[%clk 0:51:29]} c6 {[%clk 0:49:09]} 16. Bd3 {[%clk 0:50:07]} Ba6
{[%clk 0:49:00]} 17. Bxa6 {[%clk 0:42:53]} Rxa6 {[%clk 0:49:12]} 18. Rfd1
{[%clk 0:42:59]} Qe7 {[%clk 0:45:18]} 19. a4 {[%clk 0:37:49]} Qe6
{[%clk 0:40:38]} 20. Rac1 {[%clk 0:34:43]} Ra7 {[%clk 0:39:54]} 21. Be1
{[%clk 0:32:05]} c5 {[%clk 0:39:06]} 22. Qb3 {[%clk 0:29:08]} Rd7
{[%clk 0:38:47]} 23. Qb5 {[%clk 0:27:13]} f5 {[%clk 0:33:17]} 24. exf6
{[%clk 0:22:16]} gxf6 {[%clk 0:13:32]} 25. f5 {[%clk 0:20:14]} Qd6
{[%clk 0:13:25]} 26. Bc3 {[%clk 0:18:48]} Kh8 {[%clk 0:12:24]} 27. b3
{[%clk 0:11:14]} Rg8 {[%clk 0:11:24]} 28. Rc2 {[%clk 0:06:19]} Rg5
{[%clk 0:08:16]} 29. Rf1 {[%clk 0:05:05]} Rd8 {[%clk 0:02:20]} 30. Bb2
{[%clk 0:04:20]} Rg4 {[%clk 0:02:43]} 31. Rf3 {[%clk 0:00:57]} Rdg8
{[%clk 0:02:13]} 32. Qf1 {[%clk 0:00:51]} Rh4 {[%clk 0:01:23]} 33. g3
{[%clk 0:00:50]} Ng5 {[%clk 0:00:52]} 34. Rf4 {[%clk 0:00:37]} Rxf4
{[%clk 0:00:46]} 35. exf4 {[%clk 0:00:43]} Ne4 {[%clk 0:01:13]} 36. Qf3
{[%clk 0:00:40]} Qd7 {[%clk 0:01:22]} 37. Qh5 {[%clk 0:00:34]} d4
{[%clk 0:01:19]} 38. Re2 {[%clk 0:00:38]} Re8 {[%clk 0:01:20]} 39. Kg2
{[%clk 0:00:35]} Kg7 {[%clk 0:01:35]} 40. Qg4+ {[%clk 0:30:33]} Kf8
{[%clk 0:31:59]} 41. Qh5 {[%clk 0:24:01]} Qd5 {[%clk 0:27:33]} 42. Kh3
{[%clk 0:22:26]} Re7 {[%clk 0:23:50]} 43. Kh4 {[%clk 0:17:54]} Qxb3
{[%clk 0:19:30]} 44. Qh6+ {[%clk 0:14:29]} Ke8 {[%clk 0:18:42]} 45. Rxe4
{[%clk 0:13:26]} Rxe4 {[%clk 0:19:01]} 46. Qxf6 {[%clk 0:13:32]} Kd7
{[%clk 0:18:27]} 47. h3 {[%clk 0:11:37]} Qg8 {[%clk 0:13:05]} 48. Qh6
{[%clk 0:08:41]} Kc7 {[%clk 0:09:30]} 49. f6 {[%clk 0:06:46]} Kd7
{[%clk 0:08:48]} 50. g4 {[%clk 0:04:12]} Ke8 {[%clk 0:05:50]} 51. f5
{[%clk 0:01:48]} Qf7 {[%clk 0:05:07]} 52. Bc1 {[%clk 0:01:28]} c4
{[%clk 0:05:00]} 53. Kg3 {[%clk 0:00:39]} c3 {[%clk 0:04:49]} 54. g5
{[%clk 0:00:53]} Kd7 {[%clk 0:02:29]} 55. Qg7 {[%clk 0:00:32]} Qxg7
{[%clk 0:01:15]} 56. fxg7 {[%clk 0:01:01]} Re8 {[%clk 0:01:44]} 57. Ba3
{[%clk 0:01:12]} Rg8 {[%clk 0:01:36]} 58. f6 {[%clk 0:00:35]} Ke6
{[%clk 0:01:56]} 59. Kf2 {[%clk 0:00:37]} d3 {[%clk 0:02:09]} 60. Ke1
{[%clk 0:00:32]} d2+ {[%clk 0:02:06]} 61. Kd1 {[%clk 0:00:38]} Rd8
{[%clk 0:02:22]} 0-1

[Event "imp"]
[Site "?"]
[Date "2015.03.27"]
[Round "4.6"]
[White "Mista, Aleksander"]
[Black "Olszewski, Michal"]
[Result "0-1"]
[LiveChessVersion "1.4.4"]
[BlackElo "2567"]
[WhiteElo "2597"]

1. e4 {[%clk 1:30:58]} c5 {[%clk 1:30:52]} 2. Nf3 {[%clk 1:31:25]} d6
{[%clk 1:31:18]} 3. d4 {[%clk 1:31:51]} cxd4 {[%clk 1:31:43]} 4. Nxd4
{[%clk 1:32:19]} Nf6 {[%clk 1:32:06]} 5. Nc3 {[%clk 1:32:47]} a6 {[%clk 1:32:31]}
6. Bg5 {[%clk 1:33:06]} Nbd7 {[%clk 1:32:28]} 7. Qe2 {[%clk 1:33:24]} h6
{[%clk 1:26:48]} 8. Bh4 {[%clk 1:33:29]} g6 {[%clk 1:27:12]} 9. f4
{[%clk 1:33:10]} e5 {[%clk 1:26:38]} 10. fxe5 {[%clk 1:33:10]} dxe5
{[%clk 1:11:37]} 11. O-O-O {[%clk 1:33:16]} Qc7 {[%clk 1:11:28]} 12. Nb3
{[%clk 1:33:38]} b5 {[%clk 0:55:46]} 13. Nd5 {[%clk 1:33:50]} Nxd5
{[%clk 0:56:10]} 14. exd5 {[%clk 1:34:18]} Bd6 {[%clk 0:50:20]} 15. Qd2
{[%clk 1:34:39]} O-O {[%clk 0:36:44]} 16. Qxh6 {[%clk 1:35:01]} Bb7
{[%clk 0:33:14]} 17. Kb1 {[%clk 1:35:19]} Rfe8 {[%clk 0:31:12]} 18. Be2
{[%clk 1:35:29]} Bf8 {[%clk 0:27:02]} 19. Qd2 {[%clk 1:26:39]} Rac8
{[%clk 0:26:39]} 20. Rhf1 {[%clk 1:02:46]} Nb6 {[%clk 0:14:45]} 21. d6
{[%clk 0:59:52]} Qd7 {[%clk 0:15:00]} 22. Bf2 {[%clk 0:52:35]} Na4
{[%clk 0:14:52]} 23. Qg5 {[%clk 0:45:40]} Bxd6 {[%clk 0:11:53]} 24. Bg4
{[%clk 0:40:47]} Qc7 {[%clk 0:11:19]} 25. Bxc8 {[%clk 0:40:42]} Rxc8
{[%clk 0:11:45]} 26. Rd2 {[%clk 0:38:46]} Bb4 {[%clk 0:05:39]} 27. Re2
{[%clk 0:36:02]} Bc3 {[%clk 0:04:47]} 28. Bc5 {[%clk 0:19:35]} Bxb2
{[%clk 0:04:20]} 29. Rd2 {[%clk 0:18:35]} Bc3 {[%clk 0:01:19]} 30. Rd3
{[%clk 0:17:35]} e4 {[%clk 0:01:45]} 31. Rxc3 {[%clk 0:10:56]} Nxc3+
{[%clk 0:02:11]} 32. Ka1 {[%clk 0:11:24]} Rd8 {[%clk 0:02:08]} 33. Be7
{[%clk 0:06:49]} Qc4 {[%clk 0:01:24]} 34. Re1 {[%clk 0:04:43]} Qa4
{[%clk 0:00:51]} 35. a3 {[%clk 0:04:22]} Rc8 {[%clk 0:01:10]} 36. Bd6
{[%clk 0:01:44]} Nd5 {[%clk 0:01:18]} 37. Rd1 {[%clk 0:01:03]} Qc4
{[%clk 0:00:40]} 38. Be5 {[%clk 0:01:18]} Re8 {[%clk 0:00:40]} 39. Bb2
{[%clk 0:01:30]} b4 {[%clk 0:00:46]} 40. Qh6 {[%clk 0:31:04]} Nc3
{[%clk 0:30:59]} 41. axb4 {[%clk 0:29:32]} a5 {[%clk 0:26:53]} 42. Rd4
{[%clk 0:20:06]} Qf1+ {[%clk 0:27:12]} 43. Qc1 {[%clk 0:18:39]} Qxc1+
{[%clk 0:27:36]} 44. Nxc1 {[%clk 0:19:05]} axb4 {[%clk 0:25:18]} 45. Rxb4
{[%clk 0:19:33]} Ra8+ {[%clk 0:25:36]} 46. Ba3 {[%clk 0:20:01]} Bd5
{[%clk 0:25:19]} 47. Rd4 {[%clk 0:20:02]} Be6 {[%clk 0:24:06]} 48. Kb2
{[%clk 0:18:52]} Nb5 {[%clk 0:22:30]} 49. Bc5 {[%clk 0:19:11]} Rc8
{[%clk 0:22:14]} 50. Bb6 {[%clk 0:19:39]} Nxd4 {[%clk 0:22:40]} 51. Bxd4
{[%clk 0:20:07]} Bc4 {[%clk 0:22:41]} 52. h4 {[%clk 0:20:31]} Kf8
{[%clk 0:22:23]} 53. g3 {[%clk 0:20:50]} Ke7 {[%clk 0:22:46]} 54. Ka3
{[%clk 0:20:07]} Ke6 {[%clk 0:22:13]} 55. Kb4 {[%clk 0:20:34]} Kf5
{[%clk 0:21:29]} 56. Bc5 {[%clk 0:20:55]} Bf1 {[%clk 0:21:53]} 0-1